000 01252nam a2200253 i 4500
001 86319
003 ES-MaACL
005 20250821111450.0
007 t|
008 041227s2000 sp ||||1| spa d
080 _a929 Luis (44) IX, Santo
080 _a940"10/14"
245 0 0 _aSan Luis [
_hRecurso electrónico].
260 _a[Madrid] :
_bDolmen,
_c[2000]
300 _a1 disco compacto (CD-ROM) :
_bson., col. ;
_c12 cm.
490 1 _aLa historia y sus protagonistas ;
_v5
500 _aRequerimientos del sistema: Procesador Pentium 200 MMX o superior, Memoria RAM 32 Mb o más, Espacio libre en disco duro de 10 Mb o más, Windows 95 o posterior, Tarjeta gráfica 2 Mb, Lector de CD-ROM 16X o superior, Tarjeta de sonido con capacidad de sonido digitalizado y MIDI.
505 8 _aContiene: Plenitud Medieval y Baja Edad Media (siglos XI-XV) incluyendo la historia de Europa (Cruzadas, Guerra de los Cien Años, conflictos Iglesia-Imperio, Reconquista Española), de Asia y Africa
600 0 7 _aLuis Felipe
_bI,
_cRey de Francia-
_vCorrespondencia
_2
_9129131
651 _aEuropa-
_xHistoria-
_y0476-1492.
_9160435
830 0 _aLa historia y sus protagonistas ;
_v5
_9183979
852 _aES-MaACL
_jROT 1/4/11
999 _c86319
_d86319